The Shadow Wife
Guardado en:
| Autor principal: | |
|---|---|
| Formato: | Libro |
| Lenguaje: | Undetermined |
| Publicado: |
New York, Estados Unidos
Coward-McCann
1968
|
| Materias: | |
| Etiquetas: |
Agregar Etiqueta
Sin Etiquetas, Sea el primero en etiquetar este registro!
|
MARC
| LEADER | 00000nam a2200000Ia 4500 | ||
|---|---|---|---|
| 008 | 170316s9999 xx 000 0 und d | ||
| 999 | |c 28775 |d 28775 | ||
| 040 | |a cru BVZT | ||
| 090 | |a F-810 E-3s | ||
| 100 | |a Eden, Dorothy | ||
| 245 | 4 | |a The Shadow Wife | |
| 260 | |a New York, Estados Unidos | ||
| 260 | |b Coward-McCann | ||
| 260 | |c 1968 | ||
| 300 | |a 252 páginas | ||
| 650 | |a LITERATURA ESTADOUNIDENSE |9 25 | ||
| 650 | |a FICCIÓN |9 26 | ||
| 942 | |c 15 D |h F-810 E-3s |2 z | ||
